Előadás a részvényjog reformjáról [rövid hír]
Elmentve itt :
| Dokumentumtípus: | Cikk |
|---|---|
| Megjelent: |
1931-02-21
|
| Sorozat: | Délmagyarország
7 No. 42 |
| Kulcsszavak: | Túry Sándor Kornél, Előadás |
| Online Access: | http://dmarchiv.bibl.u-szeged.hu/32045 |
| LEADER | 00443nab a2200145 i 4500 | ||
|---|---|---|---|
| 001 | delm32045 | ||
| 005 | 20180927103421.0 | ||
| 008 | 180927s1931 hu o 0|| hun d | ||
| 040 | |a SZTE Délmagyarország Archívum |b hun | ||
| 041 | |a hun | ||
| 245 | 0 | 0 | |a Előadás a részvényjog reformjáról |h [elektronikus dokumentum] : |b [rövid hír] |
| 260 | |c 1931-02-21 | ||
| 300 | |a 6 | ||
| 490 | 0 | |a Délmagyarország |v 7 No. 42 | |
| 695 | |a Túry Sándor Kornél, Előadás | ||